Los cambios en la estructura productiva del sector algodonero en Centroamérica /
Revisa las estructuras productiva y comercial del algodón en los tres principales países productores de la región centroamericana (El Salvador, Guatemala y Nicaragua), además analiza los efectos distributivos a largo plazo de los cambios ocurridos en los años ochenta en Nicaragua y El Salvador. En l...
Guardado en:
| 主要作者: | |
|---|---|
| 格式: | 圖書 |
| 語言: | Spanish |
| 主題: | |
| 標簽: |
添加標簽
沒有標簽, 成為第一個標記此記錄!
|
MARC
| LEADER | 00000nam a22000007a 4500 | ||
|---|---|---|---|
| 003 | cru CIDCACS/IIS | ||
| 005 | 20170811150632.0 | ||
| 007 | ta | ||
| 008 | 161020t1989 cr ||||| |||| 00| 0 spa d | ||
| 999 | |c 18629 |d 18629 | ||
| 040 | |c cru CIDCACS/IIS | ||
| 100 | 1 | |9 213 |a Thielen, Frans | |
| 245 | 1 | 4 | |a Los cambios en la estructura productiva del sector algodonero en Centroamérica / |c Frans Thielen |
| 520 | |a Revisa las estructuras productiva y comercial del algodón en los tres principales países productores de la región centroamericana (El Salvador, Guatemala y Nicaragua), además analiza los efectos distributivos a largo plazo de los cambios ocurridos en los años ochenta en Nicaragua y El Salvador. En los diferentes apartados se aborda el auge del algodón y el desarrollo capitalista, la concentración en la fase agrícola, la comercialización, y la crisis en El Salvador y Nicaragua. Se concluye revisando la forma en la que las reformas agrarias afectan el sector en cada uno de los países. | ||
| 650 | 1 | 0 | |9 5184 |a INDUSTRIA ALGODONERA |
| 650 | 1 | 0 | |9 2023 |a POLITICA AGRARIA |
| 650 | 1 | 0 | |9 3633 |a CONFLICTOS POLITICOS |
| 651 | 4 | |9 1928 |a EL SALVADOR | |
| 651 | 1 | 0 | |9 142 |a GUATEMALA |
| 651 | 0 | |9 1861 |a NICARAGUA | |
| 773 | 0 | |0 18627 |9 68 |a Lundahl, Mats |d San José, Costa Rica: Editorial DEI, 1989 |o 17678 |t Crisis económica en Centroamérica y El Caribe / |z 9977830045 | |
| 942 | |2 ddc |c LI | ||



